00280nam a22001097a 4500020001800000040000900018082001800027100001500045245003300060260004400093650003300137 a9788188458042 cNust a621.3824bGAU aA.K Gautam aAntenna and Wave Propagation aNew Delhi:bS.K. Kataria & Sons,c2003. aAntenna and Wave Propagation